00611nam a2200241Ia 4500008004100000020001400041050001100055050001600066100002000082245004000102245001900142260001400161260003000175260000900205300001500214300001700229300001100246440003400257650001700291650001100308650002500319650002500344170203s9999 xx 000 0 und d a431057850 a788.32 b.B234f 2007 aBarber, Nicola. aShould I learn to play the flute? / cNicola Barber. aOxford :  bHarcourt Educational Ltd. c2007 a32 pages : bcol. ill. ;  c25 cm. aLearning musical instruments. aFlute music. aFlute. xJuvenile literature. xJuvenile literature.